Ethan Hawke Movies - Statistics

General Stats
  • This quiz has been taken 5 times
  • The average score is 8 of 16
Answer Stats
Release Year Costars Movie % Correct
2014 Patricia Arquette, Ellar Coltrane Boyhood
80%
2022 Alexander Skarsgard, Anya Taylor Joy The Northman
80%
2001 Denzel Washington, Eva Mendes Training Day
80%
1995 Julie Delpy, Erni Mangold Before Sunrise
60%
1989 Robin Williams, Robert Sean Leonard Dead Poet's Society
60%
1997 Uma Thurman, Jude Law Gattaca
60%
2016 Denzel Washington, Chris Pratt The Magnificent Seven
60%
2013 Lena Headey, Max Burkholder The Purge
60%
2005 Nicolas Cage, Jared Leto Lord of War
40%
2012 Juliet Rylance, James Ransome Sinister
40%
1998 Matthew McConaughey, Vincent D'Onofrio The Newton Boys
40%
2017 Paul Anderson, Rutger Hauer 24 Hours to Live
20%
1993 Vincent Spano, Josh Hamilton Alive
20%
2007 Philip Seymour Hoffman, Marisa Tomei Before the Devil Knows You're Dead
20%
2009 Willem Dafoe, Sam Neill Daybreakers
20%
2000 Kyle MacLachlan, Diane Verona Hamlet
20%
No matching quizzes found
Score Distribution
Percent of People with Each Score
Percentile by Number Answered
Your Score History
You have not taken this quiz